00626nam a22001697a 4500003000900000008004100009040007100050082001600121100002100137245001800158260004300176300003700219440005500256505011100311650001700422650001700439AR-CdUCM190530b ||||| |||| 00| 0 spa d aMUNICIPALIDAD PROVINCIAL DEL CUSCOcBIBLIOTECA MUNICIPAL DEL CUSCO a508 / bB45 aBergamini, David aEl universo / aMéxico :bOffset Multicolor, c1966. a192 páginas;c28 cm.bFiguras. aColección de la naturaleza de Life en español aContenido: Mitos y conceptos equivocados -- Exploratorio del universo -- Planetas, Aerolitos y cometas... aAstronomía aCosmología